[Event "European School Championships"]
[Site "Rhodes, Greece"]
[Date "2022.04.23"]
[Round "3.2"]
[White "Kovalskyi, Roman"]
[Black "Portakalci, Yusuf"]
[Result "0-1"]
[WhiteElo "1849"]
[BlackElo "1805"]
[PlyCount "84"]
[EventDate "2022.04.21"]
[EventRounds "9"]

1. e4 c5 {[%emt 0:00:15]} 2. b3 {[%emt 0:00:05]} g6 {[%emt 0:00:25]} 3. Bb2 {
[%emt 0:00:04]} Nf6 {[%emt 0:00:05]} 4. e5 {[%emt 0:00:05]} Nd5 {[%emt 0:00:07]
} 5. Qf3 {[%emt 0:00:06]} Nb4 {[%emt 0:01:59]} 6. Na3 {[%emt 0:00:06]} e6 {
[%emt 0:01:47]} 7. c3 {[%emt 0:04:10]} N4c6 {[%emt 0:06:46]} 8. Nc4 {[%emt 0:
05:24]} d5 {[%emt 0:12:40]} 9. exd6 {[%emt 0:06:46]} Bg7 {[%emt 0:06:00]} 10.
Qg3 {[%emt 0:09:14]} O-O {[%emt 0:04:02]} 11. Nf3 {[%emt 0:04:29]} Nd7 {
[%emt 0:14:45]} 12. Be2 {[%emt 0:06:26]} b5 {[%emt 0:02:44]} 13. Ne3 {[%emt 0:
04:28]} a6 {[%emt 0:03:03]} 14. Rd1 {[%emt 0:10:42]} f5 {[%emt 0:13:34]} 15.
Nc2 {[%emt 0:14:50]} e5 {[%emt 0:09:01]} 16. h4 {[%emt 0:04:42]} e4 {[%emt 0:
06:37]} 17. Ng5 {[%emt 0:00:17]} Qe8 {[%emt 0:00:25]} 18. h5 {[%emt 0:02:15]}
h6 {[%emt 0:01:45]} 19. Nh3 {[%emt 0:03:28]} g5 {[%emt 0:02:07]} 20. f4 {
[%emt 0:01:38]} exf3 {[%emt 0:01:05]} 21. Qxf3 {[%emt 0:01:10]} Nde5 {[%emt 0:
00:43]} 22. Qd5+ {[%emt 0:07:52]} Be6 {[%emt 0:00:52]} 23. Qxc5 {[%emt 0:00:08]
} Bxb3 {[%emt 0:01:21]} 24. Ne3 {[%emt 0:06:49]} Bxd1 {[%emt 0:01:53]} 25. Kxd1
{[%emt 0:00:01]} Rc8 {[%emt 0:01:37]} 26. Ba3 {[%emt 0:02:25]} Qd7 {[%emt 0:01:
02]} 27. Qd5+ {[%emt 0:02:33]} Kh8 {[%emt 0:00:29]} 28. d4 {[%emt 0:01:38]} Nc4
{[%emt 0:01:38]} 29. Nxc4 {[%emt 0:00:49]} bxc4 {[%emt 0:00:02]} 30. Bxc4 {
[%emt 0:00:09]} Nxd4 {[%emt 0:00:44]} 31. cxd4 {[%emt 0:01:26]} Qa4+ {[%emt 0:
00:07]} 32. Bb3 {[%emt 0:00:01]} Qxa3 {[%emt 0:00:09]} 33. Bc2 {[%emt 0:02:07]}
Qb2 {[%emt 0:00:22]} 34. Qb3 {[%emt 0:00:06]} Qxd4+ {[%emt 0:00:04]} 35. Bd3 {
[%emt 0:00:23]} Rc3 {[%emt 0:00:32]} 36. Qb1 {[%emt 0:00:40]} Rxd3+ {[%emt 0:
00:05]} 37. Ke2 {[%emt 0:00:01]} Re8+ {[%emt 0:00:11]} 38. Kf1 {[%emt 0:00:05]}
Rd1+ {[%emt 0:00:09]} 39. Qxd1 {[%emt 0:00:04]} Qxd1+ {[%emt 0:00:02]} 40. Kf2
{[%emt 0:00:06]} Qxh1 {[%emt 0:00:12]} 41. d7 {[%emt 0:00:04]} Qe1+ {[%emt 0:
00:05]} 42. Kf3 {[%emt 0:00:02]} Qe3# {[%emt 0:00:04]} 0-1

[Event "European School Championships"]
[Site "Rhodes, Greece"]
[Date "2022.04.23"]
[Round "3.3"]
[White "Whelan, Joseph"]
[Black "Tarhan, Adar"]
[Result "1/2-1/2"]
[WhiteElo "1488"]
[BlackElo "2314"]
[PlyCount "67"]
[EventDate "2022.04.21"]
[EventRounds "9"]

1. d4 {[%emt 0:00:05]} d5 {[%emt 0:00:21]} 2. c4 {[%emt 0:00:06]} e6 {[%emt 0:
01:30]} 3. Nc3 {[%emt 0:00:19]} Nf6 {[%emt 0:00:08]} 4. Bg5 {[%emt 0:00:28]}
Be7 {[%emt 0:00:12]} 5. Nf3 {[%emt 0:00:10]} b6 {[%emt 0:00:22]} 6. e3 {
[%emt 0:00:10]} h6 {[%emt 0:00:17]} 7. Bf4 {[%emt 0:00:20]} O-O {[%emt 0:00:19]
} 8. Bd3 {[%emt 0:00:24]} dxc4 {[%emt 0:00:57]} 9. Bxc4 {[%emt 0:00:14]} Bb7 {
[%emt 0:00:09]} 10. a3 {[%emt 0:00:48]} Nh5 {[%emt 0:01:03]} 11. Be5 {[%emt 0:
01:12]} Nd7 {[%emt 0:01:08]} 12. Be2 {[%emt 0:02:09]} Nhf6 {[%emt 0:04:51]} 13.
Rc1 {[%emt 0:02:35]} Nxe5 {[%emt 0:03:27]} 14. Nxe5 {[%emt 0:02:15]} Bxg2 {
[%emt 0:01:01]} 15. Rg1 {[%emt 0:00:06]} Bb7 {[%emt 0:00:06]} 16. Nb5 {[%emt 0:
01:24]} c5 {[%emt 0:03:14]} 17. Bf3 {[%emt 0:01:58]} Nd5 {[%emt 0:00:55]} 18.
Bxd5 {[%emt 0:01:06]} Bxd5 {[%emt 0:00:51]} 19. Qh5 {[%emt 0:01:21]} Bg5 {
[%emt 0:02:19]} 20. h4 {[%emt 0:00:38]} Bxh4 {[%emt 0:00:59]} 21. Qxh6 {
[%emt 0:00:35]} Bf6 {[%emt 0:03:15]} 22. Nd7 {[%emt 0:00:28]} Qxd7 {[%emt 0:00:
38]} 23. Qxf6 {[%emt 0:00:14]} g6 {[%emt 0:00:39]} 24. e4 {[%emt 0:00:58]} Bxe4
{[%emt 0:00:20]} 25. Rg4 {[%emt 0:00:11]} Bf3 {[%emt 0:04:49]} 26. Qxf3 {
[%emt 0:01:36]} Qxb5 {[%emt 0:01:56]} 27. Qf6 {[%emt 0:00:36]} Qxb2 {[%emt 0:
00:24]} 28. Rxc5 {[%emt 0:06:57]} bxc5 {[%emt 0:08:03]} 29. Rxg6+ {[%emt 0:19:
19]} fxg6 {[%emt 0:00:03]} 30. Qxg6+ {[%emt 0:00:11]} Kh8 {[%emt 0:00:04]} 31.
Qh6+ {[%emt 0:00:12]} Kg8 {[%emt 0:00:04]} 32. Qg6+ {[%emt 0:00:07]} Kh8 {
[%emt 0:00:03]} 33. Qh6+ {[%emt 0:00:08]} Kg8 {[%emt 0:00:03]} 34. Qg6+ {
[%emt 0:00:07]} 1/2-1/2

[Event "European School Championships"]
[Site "Rhodes, Greece"]
[Date "2022.04.25"]
[Round "4.1"]
[White "Tarhan, Adar"]
[Black "Andreev, Konstantin"]
[Result "0-1"]
[WhiteElo "2314"]
[BlackElo "2176"]
[PlyCount "76"]
[EventDate "2022.04.21"]
[EventRounds "9"]

1. e4 {[%emt 0:00:01]} c5 {[%emt 0:01:10]} 2. Nf3 {[%emt 0:01:19]} Nc6 {
[%emt 0:00:10]} 3. d4 {[%emt 0:00:14]} cxd4 {[%emt 0:00:08]} 4. Nxd4 {[%emt 0:
00:11]} Nf6 {[%emt 0:00:09]} 5. Nc3 {[%emt 0:00:09]} e5 {[%emt 0:00:10]} 6.
Ndb5 {[%emt 0:00:13]} d6 {[%emt 0:00:08]} 7. Bg5 {[%emt 0:00:32]} a6 {[%emt 0:
00:11]} 8. Na3 {[%emt 0:00:12]} b5 {[%emt 0:00:07]} 9. Nd5 {[%emt 0:00:13]} Be7
{[%emt 0:00:08]} 10. Bxf6 {[%emt 0:00:14]} Bxf6 {[%emt 0:00:07]} 11. c3 {
[%emt 0:00:11]} Bg5 {[%emt 0:00:13]} 12. Nc2 {[%emt 0:02:04]} O-O {[%emt 0:05:
09]} 13. a4 bxa4 14. Rxa4 a5 {[%emt 0:00:54]} 15. Bc4 Rb8 {[%emt 0:00:16]} 16.
b3 {[%emt 0:00:19]} Kh8 {[%emt 0:00:14]} 17. Nce3 {[%emt 0:00:59]} g6 {[%emt 0:
02:13]} 18. h4 {[%emt 0:05:32]} Bh6 {[%emt 0:33:45]} 19. Ra2 {[%emt 0:13:12]}
Be6 {[%emt 0:05:38]} 20. Ng4 {[%emt 0:06:51]} Bg7 {[%emt 0:03:21]} 21. h5 {
[%emt 0:06:51]} Qg5 {[%emt 0:01:42]} 22. Nde3 {[%emt 0:00:13]} gxh5 {[%emt 0:
13:51]} 23. Nh2 {[%emt 0:01:56]} Bxc4 {[%emt 0:06:26]} 24. bxc4 {[%emt 0:00:33]
} Qg6 {[%emt 0:01:55]} 25. Qd3 {[%emt 0:03:27]} Rb3 {[%emt 0:01:45]} 26. O-O {
[%emt 0:01:31]} Nb4 {[%emt 0:05:21]} 27. Qd1 {[%emt 0:00:17]} Rxc3 {[%emt 0:00:
19]} 28. Rxa5 {[%emt 0:00:30]} Nc6 {[%emt 0:01:24]} 29. Ra6 {[%emt 0:11:08]}
Nd4 {[%emt 0:05:07]} 30. Re1 {[%emt 0:03:12]} Bh6 {[%emt 0:03:21]} 31. Qa1 {
[%emt 0:03:08]} Rd3 {[%emt 0:02:50]} 32. Rd1 {[%emt 0:06:17]} Rxe3 {[%emt 0:03:
03]} 33. Rxd4 {[%emt 0:02:03]} Rg8 {[%emt 0:00:10]} 34. g4 {[%emt 0:00:56]} Rh3
{[%emt 0:02:44]} 35. Rdxd6 {[%emt 0:00:38]} Qxe4 {[%emt 0:00:13]} 36. Rxh6 {
[%emt 0:03:24]} Rxg4+ {[%emt 0:00:07]} 37. Kf1 {[%emt 0:00:03]} Qd3+ {[%emt 0:
00:08]} 38. Ke1 {[%emt 0:00:04]} Rg1+ {[%emt 0:00:07]} 0-1

[Event "European School Championships"]
[Site "Rhodes, Greece"]
[Date "2022.04.25"]
[Round "4.2"]
[White "Portakalci, Yusuf"]
[Black "Kostov, Kiril"]
[Result "1/2-1/2"]
[WhiteElo "1805"]
[BlackElo "2056"]
[PlyCount "65"]
[EventDate "2022.04.21"]
[EventRounds "9"]

1. d4 {[%emt 0:00:06]} Nf6 {[%emt 0:00:09]} 2. c4 {[%emt 0:00:06]} c5 {[%emt 0:
00:03]} 3. Nf3 {[%emt 0:01:16]} cxd4 {[%emt 0:00:14]} 4. Nxd4 {[%emt 0:00:29]}
e5 {[%emt 0:00:07]} 5. Nc2 {[%emt 0:01:09]} d5 {[%emt 0:00:21]} 6. cxd5 {
[%emt 0:01:17]} Qxd5 {[%emt 0:00:44]} 7. Qxd5 {[%emt 0:02:02]} Nxd5 {[%emt 0:
00:05]} 8. e4 {[%emt 0:01:04]} Nb4 {[%emt 0:08:10]} 9. Nba3 {[%emt 0:00:01]}
N8c6 {[%emt 0:04:27]} 10. Bc4 {[%emt 0:10:27]} Be6 {[%emt 0:24:56]} 11. Bxe6 {
[%emt 0:12:12]} fxe6 {[%emt 0:00:06]} 12. O-O {[%emt 0:22:12]} Bc5 {[%emt 0:10:
17]} 13. Nxb4 {[%emt 0:04:00]} Bxb4 {[%emt 0:02:18]} 14. Be3 {[%emt 0:04:24]}
Bxa3 {[%emt 0:13:20]} 15. bxa3 {[%emt 0:00:04]} O-O {[%emt 0:00:30]} 16. Rfd1 {
[%emt 0:01:36]} Rfd8 {[%emt 0:01:38]} 17. Kf1 {[%emt 0:01:17]} Kf7 {[%emt 0:04:
03]} 18. Rab1 {[%emt 0:01:37]} b6 {[%emt 0:00:49]} 19. Rbc1 {[%emt 0:00:58]}
Rxd1+ {[%emt 0:01:33]} 20. Rxd1 {[%emt 0:00:02]} Rd8 {[%emt 0:00:29]} 21. Rxd8
{[%emt 0:01:51]} Nxd8 22. Ke2 {[%emt 0:00:12]} Ke8 {[%emt 0:00:18]} 23. Kd3 {
[%emt 0:00:33]} Kd7 {[%emt 0:00:05]} 24. Kc4 {[%emt 0:02:41]} Kc6 {[%emt 0:01:
55]} 25. a4 {[%emt 0:00:42]} Nb7 {[%emt 0:03:37]} 26. f3 {[%emt 0:07:00]} a5 {
[%emt 0:04:30]} 27. Bf2 {[%emt 0:02:22]} Nd6+ {[%emt 0:00:46]} 28. Kb3 {
[%emt 0:02:11]} Nb7 {[%emt 0:11:28]} 29. Kc4 {[%emt 0:02:09]} g6 {[%emt 0:00:
18]} 30. h3 {[%emt 0:02:44]} h5 {[%emt 0:01:52]} 31. h4 {[%emt 0:00:52]} Nd6+ {
[%emt 0:03:42]} 32. Kb3 {[%emt 0:00:44]} Nb7 {[%emt 0:05:29]} 33. Kc4 {[%emt 0:
00:29]} 1/2-1/2

[Event "European School Championships"]
[Site "Rhodes, Greece"]
[Date "2022.04.25"]
[Round "4.3"]
[White "Shtavica, Alaudin"]
[Black "Kovalskyi, Roman"]
[Result "0-1"]
[WhiteElo "1348"]
[BlackElo "1849"]
[PlyCount "50"]
[EventDate "2022.04.21"]
[EventRounds "9"]

1. e4 {[%emt 0:00:03]} c5 {[%emt 0:00:03]} 2. Nf3 {[%emt 0:00:08]} g6 {[%emt 0:
00:03]} 3. d4 {[%emt 0:00:30]} cxd4 {[%emt 0:00:06]} 4. Nxd4 {[%emt 0:00:38]}
Nc6 {[%emt 0:00:04]} 5. Nc3 {[%emt 0:01:18]} Bg7 {[%emt 0:00:07]} 6. Be3 {
[%emt 0:00:16]} Nf6 {[%emt 0:00:11]} 7. Be2 {[%emt 0:00:49]} O-O {[%emt 0:00:
23]} 8. h4 {[%emt 0:02:00]} d5 {[%emt 0:02:50]} 9. Nxc6 {[%emt 0:01:16]} bxc6 {
[%emt 0:00:10]} 10. e5 {[%emt 0:00:05]} Nd7 {[%emt 0:00:04]} 11. f4 {[%emt 0:
00:36]} Rb8 {[%emt 0:02:15]} 12. h5 {[%emt 0:15:50]} Rxb2 {[%emt 0:03:57]} 13.
hxg6 {[%emt 0:00:40]} fxg6 {[%emt 0:06:35]} 14. Kf2 {[%emt 0:08:10]} Bxe5 {
[%emt 0:20:02]} 15. Nxd5 {[%emt 0:22:36]} cxd5 {[%emt 0:11:09]} 16. Qxd5+ {
[%emt 0:00:07]} Kg7 {[%emt 0:00:11]} 17. Kg3 {[%emt 0:04:06]} Bf6 {[%emt 0:24:
24]} 18. Bd3 {[%emt 0:03:08]} e5 {[%emt 0:03:36]} 19. Qf3 {[%emt 0:09:19]}
exf4+ {[%emt 0:12:20]} 20. Bxf4 {[%emt 0:00:13]} Ne5 {[%emt 0:00:03]} 21. Rxh7+
{[%emt 0:20:20]} Kxh7 {[%emt 0:00:13]} 22. Qh5+ {[%emt 0:00:09]} Kg8 {[%emt 0:
00:03]} 23. Bxg6 {[%emt 0:01:35]} Nxg6 {[%emt 0:00:15]} 24. Qxg6+ {[%emt 0:00:
12]} Bg7 {[%emt 0:00:05]} 25. Rh1 {[%emt 0:00:36]} Bf5 {[%emt 0:00:53]} 0-1

[Event "European School Championships"]
[Site "Rhodes, Greece"]
[Date "2022.04.26"]
[Round "5.1"]
[White "Andreev, Konstantin"]
[Black "Kovalskyi, Roman"]
[Result "1-0"]
[WhiteElo "2176"]
[BlackElo "1849"]
[PlyCount "122"]
[EventDate "2022.04.21"]
[EventRounds "9"]

1. e4 {[%emt 0:00:03]} c5 {[%emt 0:00:05]} 2. Nf3 {[%emt 0:00:08]} g6 {[%emt 0:
00:04]} 3. d4 {[%emt 0:00:09]} cxd4 {[%emt 0:00:05]} 4. Nxd4 {[%emt 0:00:06]}
Nc6 {[%emt 0:00:04]} 5. Nc3 {[%emt 0:00:07]} Bg7 {[%emt 0:00:15]} 6. Be3 {
[%emt 0:00:08]} Nf6 {[%emt 0:00:05]} 7. Bc4 {[%emt 0:00:15]} d6 {[%emt 0:00:13]
} 8. f3 {[%emt 0:00:25]} Qb6 {[%emt 0:00:59]} 9. Nf5 {[%emt 0:00:26]} Qxb2 {
[%emt 0:00:08]} 10. Nxg7+ {[%emt 0:00:06]} Kf8 {[%emt 0:00:02]} 11. Nd5 {
[%emt 0:00:15]} Nxd5 {[%emt 0:00:05]} 12. Bxd5 {[%emt 0:00:08]} Kxg7 {[%emt 0:
01:02]} 13. O-O Qc3 {[%emt 0:00:12]} 14. Qc1 Re8 {[%emt 0:05:22]} 15. Rb1 Nd4 {
[%emt 0:08:55]} 16. Bd2 {[%emt 0:24:33]} Qc5 {[%emt 0:09:41]} 17. Qb2 e5 {
[%emt 0:16:09]} 18. Be3 {[%emt 0:08:14]} Be6 {[%emt 0:16:41]} 19. Bxe6 Rxe6 {
[%emt 0:05:11]} 20. Qxb7 Ree8 {[%emt 0:21:55]} 21. Rf2 Qc3 {[%emt 0:06:45]} 22.
Bd2 Qc4 {[%emt 0:18:39]} 23. Rb4 Qc8 {[%emt 0:18:52]} 24. Qd5 Qe6 {[%emt 0:11:
12]} 25. c3 {[%emt 0:01:04]} Qxd5 {[%emt 0:00:46]} 26. exd5 {[%emt 0:00:03]}
Nf5 {[%emt 0:00:29]} 27. g4 Ne7 {[%emt 0:00:36]} 28. c4 Rab8 {[%emt 0:05:23]}
29. Ra4 {[%emt 0:00:07]} Rb7 {[%emt 0:00:36]} 30. f4 e4 {[%emt 0:04:15]} 31.
Bc3+ {[%emt 0:00:17]} Kf8 {[%emt 0:00:08]} 32. Bf6 {[%emt 0:00:51]} Ng8 {
[%emt 0:02:00]} 33. Bd4 {[%emt 0:00:25]} f5 {[%emt 0:01:47]} 34. gxf5 {[%emt 0:
03:38]} gxf5 35. Rxa7 {[%emt 0:00:07]} Rxa7 {[%emt 0:00:07]} 36. Bxa7 {[%emt 0:
00:06]} Rc8 {[%emt 0:00:03]} 37. Rc2 {[%emt 0:01:07]} Nf6 {[%emt 0:00:33]} 38.
c5 {[%emt 0:00:51]} Nxd5 {[%emt 0:03:42]} 39. Rd2 {[%emt 0:01:19]} Nxf4 {
[%emt 0:00:02]} 40. Rxd6 {[%emt 0:05:58]} Ke7 {[%emt 0:00:32]} 41. Rh6 {
[%emt 0:08:50]} Ne6 {[%emt 0:16:18]} 42. Kf2 {[%emt 0:07:06]} Nxc5 {[%emt 0:04:
29]} 43. Ke3 {[%emt 0:00:55]} Kf7 {[%emt 0:01:53]} 44. Kf4 {[%emt 0:07:46]} Kg7
{[%emt 0:03:42]} 45. Rd6 Rc7 46. Rh6 Rc8 {[%emt 0:01:01]} 47. Rd6 Rc7 48. Bb6 {
[%emt 0:02:24]} Nd3+ {[%emt 0:00:17]} 49. Kxf5 {[%emt 0:00:18]} Re7 {[%emt 0:
00:39]} 50. Re6 Rf7+ 51. Kxe4 Nb4 {[%emt 0:02:54]} 52. Bd4+ Kf8 {[%emt 0:00:44]
} 53. Bc5+ {[%emt 0:00:06]} Kg7 {[%emt 0:00:13]} 54. Bxb4 {[%emt 0:00:18]} Rf2
{[%emt 0:00:05]} 55. a3 {[%emt 0:00:50]} Rxh2 {[%emt 0:00:15]} 56. a4 {[%emt 0:
00:23]} Ra2 {[%emt 0:01:48]} 57. Bd6 {[%emt 0:00:03]} Kf7 {[%emt 0:00:19]} 58.
Be5 {[%emt 0:00:49] Ke7 Ra6 Kd7 Kd5 Kc8 Ra7} h6 {[%emt 0:00:17]} 59. a5 h5 {
[%emt 0:00:20]} 60. a6 h4 {[%emt 0:00:04] Rc7+ Kd8} 61. a7 {[%emt 0:00:29]} h3
{[%emt 0:00:22] Rb7 Rd2+ Ke6 Ra2 Rb8#} 1-0

[Event "European School Championships"]
[Site "Rhodes, Greece"]
[Date "2022.04.26"]
[Round "5.2"]
[White "Whelan, Joseph"]
[Black "Portakalci, Yusuf"]
[Result "0-1"]
[WhiteElo "1488"]
[BlackElo "1805"]
[PlyCount "84"]
[EventDate "2022.04.21"]
[EventRounds "9"]

1. d4 {[%emt 0:00:11]} Nf6 {[%emt 0:00:21]} 2. c4 {[%emt 0:00:35]} e6 {[%emt 0:
00:36]} 3. Nc3 {[%emt 0:00:27]} Bb4 {[%emt 0:00:26]} 4. Bg5 {[%emt 0:00:15]}
Bxc3+ {[%emt 0:01:32]} 5. bxc3 {[%emt 0:00:08]} d6 {[%emt 0:00:31]} 6. e3 {
[%emt 0:00:57]} Nbd7 {[%emt 0:00:28]} 7. Nf3 {[%emt 0:01:09]} O-O {[%emt 0:02:
38]} 8. Bd3 {[%emt 0:00:17]} Qe8 {[%emt 0:01:45]} 9. Bxf6 {[%emt 0:00:52]} Nxf6
{[%emt 0:00:13]} 10. Ng5 {[%emt 0:03:32]} h6 {[%emt 0:08:12]} 11. Ne4 {[%emt 0:
02:23]} Nh7 {[%emt 0:13:41]} 12. h4 {[%emt 0:03:09]} f5 {[%emt 0:06:25]} 13.
Ng3 {[%emt 0:00:11]} e5 {[%emt 0:11:48]} 14. Qe2 {[%emt 0:04:32]} e4 {[%emt 0:
08:23]} 15. Bc2 {[%emt 0:00:18]} Bd7 {[%emt 0:01:18]} 16. Nh5 {[%emt 0:02:57]}
Nf6 {[%emt 0:01:30]} 17. Nf4 {[%emt 0:03:52]} Qf7 {[%emt 0:01:31]} 18. c5 {
[%emt 0:01:39]} Be6 {[%emt 0:02:50]} 19. h5 {[%emt 0:07:35]} Kh7 {[%emt 0:03:
20]} 20. cxd6 {[%emt 0:02:55]} cxd6 {[%emt 0:00:15]} 21. f3 {[%emt 0:01:39]}
Bc4 {[%emt 0:02:16]} 22. Qf2 {[%emt 0:00:35]} Rfe8 {[%emt 0:01:55]} 23. Rh3 {
[%emt 0:03:46]} Nd5 {[%emt 0:07:40]} 24. Nxd5 {[%emt 0:01:46]} Qxd5 {[%emt 0:
00:53]} 25. Qg3 {[%emt 0:01:27]} Re6 {[%emt 0:02:00]} 26. fxe4 {[%emt 0:02:54]}
fxe4 {[%emt 0:00:09]} 27. Rh4 {[%emt 0:00:43]} Rae8 {[%emt 0:01:53]} 28. O-O-O
{[%emt 0:05:48]} Kh8 {[%emt 0:02:09]} 29. Rd2 {[%emt 0:01:49]} Qa5 {[%emt 0:07:
58]} 30. Rf2 {[%emt 0:06:07]} R6e7 {[%emt 0:00:46]} 31. Rhf4 {[%emt 0:01:58]}
Qxc3 {[%emt 0:03:49]} 32. Rf8+ {[%emt 0:01:39]} Bg8 {[%emt 0:00:15]} 33. R2f6 {
[%emt 0:05:34]} Rxf8 {[%emt 0:02:06]} 34. Rxf8 {[%emt 0:00:13]} Rc7 {[%emt 0:
00:32]} 35. Qf2 {[%emt 0:01:17]} Qa1+ {[%emt 0:00:20]} 36. Kd2 {[%emt 0:00:31]}
Qxa2 {[%emt 0:00:13]} 37. Kd1 {[%emt 0:00:53]} Qa1+ {[%emt 0:00:57]} 38. Kd2 {
[%emt 0:00:46]} Qa5+ {[%emt 0:00:06]} 39. Kc1 {[%emt 0:02:00]} b5 {[%emt 0:02:
36]} 40. g4 {[%emt 0:03:08]} b4 {[%emt 0:01:03]} 41. Kb1 {[%emt 0:01:18]} Qa2+
{[%emt 0:03:39]} 42. Kc1 {[%emt 0:00:21]} b3 {[%emt 0:00:57]} 0-1

[Event "European School Championships"]
[Site "Rhodes, Greece"]
[Date "2022.04.26"]
[Round "5.3"]
[White "Kostov, Kiril"]
[Black "Shtavica, Alaudin"]
[Result "1-0"]
[WhiteElo "2056"]
[BlackElo "1348"]
[PlyCount "75"]
[EventDate "2022.04.21"]
[EventRounds "9"]

1. e4 {[%emt 0:00:04]} e5 {[%emt 0:00:14]} 2. Nf3 {[%emt 0:00:08]} Nc6 {
[%emt 0:00:19]} 3. Bb5 {[%emt 0:00:44]} a6 {[%emt 0:00:47]} 4. Ba4 {[%emt 0:00:
05]} Nf6 {[%emt 0:00:17]} 5. O-O {[%emt 0:00:34]} b5 {[%emt 0:01:23]} 6. Bb3 {
[%emt 0:00:06]} Bc5 {[%emt 0:02:18]} 7. Nxe5 {[%emt 0:11:14]} Nxe5 {[%emt 0:02:
41]} 8. d4 {[%emt 0:00:14]} O-O {[%emt 0:00:15]} 9. dxe5 {[%emt 0:04:55]} Nxe4
{[%emt 0:09:54]} 10. Qd5 {[%emt 0:06:33]} Bb7 {[%emt 0:01:06]} 11. Qd3 {
[%emt 0:12:13]} Qh4 {[%emt 0:07:49]} 12. Be3 {[%emt 0:03:24]} d6 {[%emt 0:08:
02]} 13. Nc3 {[%emt 0:19:56]} Rad8 {[%emt 0:13:41]} 14. Bd5 {[%emt 0:10:00]}
Bxd5 {[%emt 0:07:28]} 15. Nxd5 {[%emt 0:01:22]} Bxe3 {[%emt 0:06:10]} 16. Qxe3
{[%emt 0:01:35]} c6 {[%emt 0:12:31]} 17. g3 {[%emt 0:01:48]} Qg4 {[%emt 0:05:
20]} 18. f3 {[%emt 0:04:47]} Qe6 {[%emt 0:01:31]} 19. Nf4 {[%emt 0:00:24]} Qxe5
{[%emt 0:00:40]} 20. Nd3 {[%emt 0:03:13]} Qg5 {[%emt 0:06:35]} 21. Qxe4 {
[%emt 0:00:24]} d5 {[%emt 0:00:11]} 22. Qf4 {[%emt 0:01:33]} Qg6 {[%emt 0:02:
30]} 23. Qd4 {[%emt 0:03:06]} Qg5 {[%emt 0:02:22]} 24. Rad1 {[%emt 0:02:51]}
Rfe8 {[%emt 0:00:28]} 25. Rfe1 {[%emt 0:00:27]} Qh5 {[%emt 0:00:58]} 26. Kg2 {
[%emt 0:01:12]} Qh6 {[%emt 0:00:28]} 27. Qf4 {[%emt 0:01:00]} Qg6 {[%emt 0:00:
14]} 28. Rxe8+ {[%emt 0:00:44]} Rxe8 {[%emt 0:00:12]} 29. Re1 {[%emt 0:00:07]}
Rc8 {[%emt 0:00:57]} 30. Qc7 {[%emt 0:00:33]} Rf8 {[%emt 0:00:13]} 31. Re2 {
[%emt 0:00:50]} h5 {[%emt 0:00:17]} 32. Ne5 {[%emt 0:00:44]} Qe6 {[%emt 0:01:
03]} 33. Qxc6 {[%emt 0:00:22]} Re8 {[%emt 0:00:19]} 34. Kf2 {[%emt 0:01:24]} f6
35. Qxe6+ {[%emt 0:00:06]} Rxe6 {[%emt 0:00:18]} 36. Nd3 {[%emt 0:00:25]} Rxe2+
{[%emt 0:00:11]} 37. Kxe2 {[%emt 0:00:02]} Kf7 {[%emt 0:00:10]} 38. Nf4 {
[%emt 0:00:31]} 1-0

[Event "European School Championships"]
[Site "Rhodes, Greece"]
[Date "2022.04.28"]
[Round "6.1"]
[White "Whelan, Joseph"]
[Black "Andreev, Konstantin"]
[Result "0-1"]
[WhiteElo "1488"]
[BlackElo "2176"]
[PlyCount "114"]
[EventDate "2022.04.21"]
[EventRounds "9"]

1. d4 {[%emt 0:00:05]} Nf6 {[%emt 0:00:06]} 2. Bf4 {[%emt 0:00:12]} d5 {
[%emt 0:00:33]} 3. Nc3 {[%emt 0:00:32]} a6 {[%emt 0:00:27]} 4. Nf3 {[%emt 0:01:
19]} e6 {[%emt 0:00:33]} 5. e3 {[%emt 0:00:47]} c5 {[%emt 0:00:14]} 6. Ne5 {
[%emt 0:01:27]} b5 {[%emt 0:01:00]} 7. Ne2 {[%emt 0:04:39]} Bb7 {[%emt 0:01:45]
} 8. c3 {[%emt 0:01:10]} Nc6 {[%emt 0:03:24]} 9. a4 Nxe5 {[%emt 0:00:47]} 10.
Bxe5 {[%emt 0:00:17]} Nd7 {[%emt 0:03:33]} 11. Bg3 {[%emt 0:01:15]} c4 {
[%emt 0:09:30]} 12. b4 {[%emt 0:01:37]} Be7 {[%emt 0:02:41]} 13. Ng1 {[%emt 0:
01:58]} O-O {[%emt 0:07:10]} 14. Be2 {[%emt 0:03:11]} a5 {[%emt 0:00:06]} 15.
Qb1 {[%emt 0:06:27]} axb4 {[%emt 0:04:29]} 16. cxb4 {[%emt 0:00:12]} bxa4 {
[%emt 0:00:16]} 17. Bd1 {[%emt 0:00:45]} a3 {[%emt 0:01:34]} 18. Bc2 {[%emt 0:
00:33]} h5 {[%emt 0:01:59]} 19. Ne2 {[%emt 0:03:30]} Qb6 {[%emt 0:05:58]} 20.
b5 {[%emt 0:00:21]} Qa5+ {[%emt 0:05:07]} 21. Kf1 {[%emt 0:00:33]} a2 {[%emt 0:
04:47]} 22. Bh7+ {[%emt 0:01:58]} Kh8 {[%emt 0:00:11]} 23. Qc2 {[%emt 0:00:05]}
Qb4 {[%emt 0:01:35]} 24. Nc3 {[%emt 0:03:34]} Nf6 {[%emt 0:00:31]} 25. Nxa2 {
[%emt 0:03:12]} Qa3 {[%emt 0:00:15]} 26. Ke2 {[%emt 0:02:18]} Nxh7 {[%emt 0:00:
37]} 27. Rhb1 {[%emt 0:01:09]} Qd3+ {[%emt 0:00:25]} 28. Qxd3 {[%emt 0:00:07]}
cxd3+ {[%emt 0:00:05]} 29. Kxd3 {[%emt 0:00:15]} Ra3+ {[%emt 0:00:06]} 30. Nc3
{[%emt 0:00:28]} Rfa8 {[%emt 0:01:55]} 31. Rxa3 {[%emt 0:00:16]} Rxa3 {[%emt 0:
00:09]} 32. Rb2 {[%emt 0:00:16]} Nf6 {[%emt 0:00:34]} 33. Ra2 {[%emt 0:00:45]}
Rxa2 {[%emt 0:00:20]} 34. Nxa2 {[%emt 0:00:06]} Ne4 {[%emt 0:00:34]} 35. f3 {
[%emt 0:00:55]} Nxg3 {[%emt 0:00:46]} 36. hxg3 {[%emt 0:00:20]} Kg8 {[%emt 0:
00:19]} 37. Nc3 {[%emt 0:00:03]} Kf8 {[%emt 0:00:39]} 38. Na4 {[%emt 0:00:03]}
Ke8 {[%emt 0:02:02]} 39. Nc5 {[%emt 0:00:23]} Bc8 {[%emt 0:00:18]} 40. Kc3 {
[%emt 0:00:46]} Kd8 {[%emt 0:00:29]} 41. Kb4 {[%emt 0:00:32]} Kc7 {[%emt 0:00:
58]} 42. Ka5 Bxc5 {[%emt 0:05:27]} 43. dxc5 {[%emt 0:01:01]} e5 44. Kb4 {
[%emt 0:00:20]} Be6 45. Kc3 {[%emt 0:00:58]} Bd7 {[%emt 0:00:43]} 46. Kb4 d4
47. exd4 exd4 {[%emt 0:01:34]} 48. c6 Be6 49. f4 {[%emt 0:01:08]} Kb6 {[%emt 0:
01:35]} 50. f5 Bd5 {[%emt 0:01:49]} 51. Ka3 Bxg2 {[%emt 0:01:15]} 52. Kb4 {
[%emt 0:00:14]} Bf1 {[%emt 0:00:35]} 53. Kb3 {[%emt 0:00:03]} Bxb5 {[%emt 0:00:
21]} 54. Kc2 Kxc6 55. Kd2 {[%emt 0:00:14]} g5 56. f6 {[%emt 0:00:16]} h4 57.
gxh4 {[%emt 0:00:08]} gxh4 0-1